[Event "Bangabandhu-chT"]
[Site "Dhaka"]
[Date "2024.02.08"]
[Round "8.1"]
[White "Mohammad Fahad, Rahman"]
[Black "Majumder, Ahmed Hossain"]
[Result "1-0"]
[WhiteElo "2418"]
[BlackElo "1962"]
[PlyCount "43"]
[EventDate "2024.02.01"]
[EventType "team-tourn"]
[EventRounds "11"]
[EventCountry "BAN"]
[SourceTitle "CB07_2024"]
[SourceDate "2024.02.14"]
[SourceVersion "1"]
[SourceVersionDate "2024.02.14"]
[SourceQuality "1"]
[WhiteTeam "Bangladesh Police"]
[BlackTeam "Leonine CC"]
[WhiteTeamCountry "BAN"]
[BlackTeamCountry "BAN"]

1. d4 Nf6 2. c4 e6 3. Nf3 d5 4. Nc3 Bb4 5. Qa4+ Nc6 6. e3 0-0 7. Bd2 Bd7 8. Qc2 h6 9. Rd1 Re8 10. a3 Bxc3 11. Bxc3 Ne4 12. Bd3 Nxc3 13. Qxc3 Qe7 14. 0-0 a5 15. Rfe1 dxc4 16. Bxc4 a4 17. e4 Na5 18. Ba2 Bb5 19. h3 Ra6 20. d5 e5 21. d6 cxd6 22. Rd5 1-0

[Event "BAN-chT Premier"]
[Site "Dhaka"]
[Date "2022.11.30"]
[Round "1.1"]
[White "Rahman, Ziaur"]
[Black "Majumder, Ahmed Hossain"]
[Result "1-0"]
[WhiteElo "2464"]
[BlackElo "1975"]
[PlyCount "61"]
[EventDate "2022.11.30"]
[EventType "team-tourn"]
[EventRounds "11"]
[EventCountry "BAN"]
[SourceTitle "CBM 211 Extra"]
[Source "ChessBase"]
[SourceDate "2023.01.31"]
[SourceVersion "1"]
[SourceVersionDate "2023.01.31"]
[SourceQuality "1"]
[WhiteTeam "Bangladesh Police"]
[BlackTeam "Leonine CC"]
[WhiteTeamCountry "BAN"]
[BlackTeamCountry "BAN"]

1. d4 Nf6 2. c4 e6 3. g3 Bb4+ 4. Bd2 Bxd2+ 5. Nxd2 d5 6. Ngf3 0-0 7. Bg2 Nbd7 8. 0-0 c5 9. cxd5 exd5 10. dxc5 Nxc5 11. Nb3 Qb6 12. Nxc5 Qxc5 13. Rc1 Qe7 14. Nd4 a6 15. Qb3 Be6 16. Rc3 Rac8 17. Rfc1 Rxc3 18. Qxc3 g6 19. Qe3 Qd6 20. h3 Re8 21. Qb3 Rc8 22. Rd1 Qc7 23. e4 Rd8 24. Nxe6 fxe6 25. exd5 Qd7 26. d6 b5 27. Bc6 Qf7 28. Qe3 Nd7 29. Rd4 Kg7 30. Rf4 Qe8 31. Re4 1-0

[Event "BAN-chT"]
[Site "Dhaka"]
[Date "2017.12.18"]
[Round "10.1"]
[White "Kaustuv, Kundu"]
[Black "Majumder, Ahmed Hossain"]
[Result "1-0"]
[WhiteElo "2329"]
[BlackElo "1992"]
[PlyCount "85"]
[EventDate "2017.12.09"]
[EventType "team-tourn"]
[EventRounds "11"]
[EventCountry "BAN"]
[SourceTitle "CBM 182 Extra"]
[Source "ChessBase"]
[SourceDate "2018.02.23"]
[SourceVersion "1"]
[SourceVersionDate "2018.02.23"]
[SourceQuality "1"]
[WhiteTeam "Sheikh Russel"]
[BlackTeam "Access"]
[WhiteTeamCountry "BAN"]
[BlackTeamCountry "BAN"]

1. c4 e5 2. Nc3 d6 3. g3 Nf6 4. Bg2 Be7 5. Nf3 0-0 6. d4 exd4 7. Nxd4 Nbd7 8. 0-0 a5 9. b3 Nc5 10. Bb2 c6 11. Qc2 Qc7 12. Rad1 Rd8 13. a3 Ne6 14. Nf5 Bf8 15. Na4 Ne8 16. f4 Rb8 17. Be4 g6 18. Qc3 f6 19. Ne3 Bg7 20. f5 Ng5 21. Bb1 b5 22. cxb5 cxb5 23. Qxc7 Nxc7 24. Nc3 Bb7 25. h4 Re8 26. Bc1 b4 27. hxg5 bxc3 28. fxg6 fxg5 29. gxh7+ Kh8 30. Rf2 Be4 31. Bxe4 Rxe4 32. Nf5 Rxb3 33. Nxg7 Kxh7 34. Nf5 d5 35. Nd4 c2 36. Nxc2 Rxg3+ 37. Kf1 Kg6 38. e3 Re6 39. Bb2 Rh3 40. Kg2 g4 41. Rdf1 Ne8 42. Rf4 Kg5 43. Rxg4+ 1-0